00313nam a2200121Ia 4500008004100000020001800041041000800059082000800067100001200075245006700087260002900154300000800183230822s2004 xx 000 0 und d a0-500-28533-0 aeng a723 aBAKER P aARCHITECTURE AND POLYPHONY BUILDING IN THE ISLAMIC WORLD TODAY bTHAMES &HUDSON LTDc2004 a175